Normal view
MARC view
- China
Entry Geographic Name
001 - CONTROL NUMBER
- control field: 99744
003 - CONTROL NUMBER IDENTIFIER
- control field: NUST
005 - DATE AND TIME OF LATEST TRANSACTION
- control field: 20221010162023.0
008 - FIXED-LENGTH DATA ELEMENTS
- fixed length control field: 221010|| aca||aabn | a|a d
040 ## - CATALOGING SOURCE
- Original cataloging agency: NUST
- Transcribing agency: NUST
151 ## - HEADING--GEOGRAPHIC NAME
- Geographic name: China
- General subdivision: Foreign relations
- Chronological subdivision: 1976-
670 ## - SOURCE DATA FOUND
- Source citation: Work cat.: (NUST)0: Wang, Yizhou, 1957- author. 99743, Creative involvement :
